000 00879nam a22002057a 4500
003 OSt
005 20170608093033.0
008 150409b2011 slv spa
040 _cBMC
082 _a621.398
100 1 _934621
_aRecinos Barrientos, Norma Liseth
245 1 0 _aPasantía de asistente del departamento de informática de Grupo Müllersal
_b: Informe
_cNorma Liseth Recinos Barrientos
260 _aSanta Ana (El Salvador)
_bUniversidad Católica de El Salvador
_c2011
300 _a1 v. (pág. var.)
_bil. col.
_c28 cm
500 _aPrecede al tít.: Universidad Católica de El Salvador, Facultad de Ingeniería y Arquitectura
502 _aPara optar al título de Ingeniero en Sistemas Informáticos
650 2 4 _98508
_aDiseño de sistemas
710 2 _91166
_aUniversidad Católica de El Salvador
_bFacultad de Ingeniería y Arquitectura
942 _2ddc
_cTG
999 _c21134
_d21134